000 00323nam a2200121Ia 4500
008 210428s9999 xx 000 0 und d
082 _a624 G9751 G
100 _aLudwig Stiefel
_952230
245 0 _aGun Propulsion Technology
260 _bAmerican Institute of Aeronautics
_aAmerica
_c1988
300 _a558p
942 _cBK
999 _c560007
_d560007